Montreal Canadiens Starting Lineup 2018-2019 Season - Statistics

General Stats
  • This quiz has been taken 121 times
    118 since last reset
  • The average score is 13 of 26
Answer Stats
Position Player Age Birthplace % Correct
G Carey Price 31 Anahim Lake, BC
98%
D (C) Shea Weber 33 Sicamous, BC
94%
G Antti Niemi 35 Vantaa, Finland
81%
F Brendan Gallagher 26 Edmonton, AB
81%
D Jeff Petry 30 Ann Arbor, Michigan
80%
F Phillip Danault 25 Victoriaville, QC
74%
F Joel Armia 25 Pori, Finland
73%
F Jonathan Drouin 23 Ste-Agathe, QC
63%
F Max Domi 23 Winnipeg, MB
60%
F Tomas Tatar 27 Ilava, Slovakia
60%
F Jesperi Kotkaniemi 18 Pori, Finland
58%
F Artturi Lehkonen 23 Piikkio, Finland
56%
F Tomas Plekanec 35 Kladno, Czech Rep
49%
D Victor Mete 20 Toronto, ON
49%
F Paul Byron 29 Ottawa, ON
45%
F Charles Hudon 24 Alma, QC
40%
F Andrew Shaw 27 Belleville, ON
38%
D Jordie Benn 31 Victoria, BC
38%
D Karl Alzner 30 Burnaby, BC
32%
D Xavier Ouellet 25 Bayonne, France
27%
D Mike Reilly 25 Chanhassen, Minnesota
26%
D Noah Juulsen 21 Surrey, BC
26%
F Jacob De La Rose 23 Arvika, Sweden
25%
F Nicolas Deslauriers 27 Lasalle, QC
24%
F Matthew Peca 25 Petawawa, ON
20%
F Nikita Scherbak 22 Moscow, Russia
20%
No matching quizzes found
Score Distribution
Percent of People with Each Score
Percentile by Number Answered
Your Score History
You have not taken this quiz since the last reset